<?xml version="1.0" encoding="UTF-8"?>
<record
    xmlns:xsi="http://www.w3.org/2001/XMLSchema-instance"
    xsi:schemaLocation="http://www.loc.gov/MARC21/slim http://www.loc.gov/standards/marcxml/schema/MARC21slim.xsd"
    xmlns="http://www.loc.gov/MARC21/slim">

  <leader>04242nab a2200265 i 4500</leader>
  <controlfield tag="003">BR-BrBNA</controlfield>
  <controlfield tag="005">20250207102836.0</controlfield>
  <controlfield tag="008">250207b2013    bl.qr|pooa||| 00| 0 por |</controlfield>
  <datafield tag="040" ind1=" " ind2=" ">
    <subfield code="a">BR-BrBNA</subfield>
    <subfield code="b">por</subfield>
  </datafield>
  <datafield tag="072" ind1=" " ind2=" ">
    <subfield code="a">F70</subfield>
  </datafield>
  <datafield tag="100" ind1=" " ind2=" ">
    <subfield code="a">Fabris, Luis Cl&#xE1;udio </subfield>
  </datafield>
  <datafield tag="100" ind1=" " ind2=" ">
    <subfield code="a">Peixoto, Ariane Luna</subfield>
  </datafield>
  <datafield tag="245" ind1=" " ind2=" ">
    <subfield code="a">Sapotaceae das Restingas do Esp&#xED;rito Santo, Brasil</subfield>
  </datafield>
  <datafield tag="500" ind1=" " ind2=" ">
    <subfield code="a">Publica&#xE7;&#xE3;o on-line; 34 ref.; 2 illus.; Summaries (En, Pt)</subfield>
  </datafield>
  <datafield tag="520" ind1=" " ind2=" ">
    <subfield code="a">

Resumo

Sapotaceae, uma fam&#xED;lia de plantas lenhosas, est&#xE1; representada no Brasil por 11 g&#xEA;neros e cerca de 230 esp&#xE9;cies,
muitas das quais com madeira e l&#xE1;tex explorados comercialmente. As Restingas com grande variedade de
forma&#xE7;&#xF5;es vegetais ocupam quase toda a extens&#xE3;o da costa do Esp&#xED;rito Santo. O estudo procurou responder &#xE0;s
seguintes quest&#xF5;es: quais s&#xE3;o as esp&#xE9;cies de Sapotaceae estabelecidas sobre as Restingas do Esp&#xED;rito Santo e
quais os ambientes preferenciais de ocorr&#xEA;ncia de suas popula&#xE7;&#xF5;es? A pesquisa envolveu coletas e observa&#xE7;&#xF5;es
de exemplares, bem como a an&#xE1;lise de cole&#xE7;&#xF5;es depositadas em herb&#xE1;rios. Foram identificados 18 t&#xE1;xons
pertencentes a cinco g&#xEA;neros: Pouteria Aubl. (9), Manilkara Adans. (4), Chrysophyllum L. (3), Micropholis
(Griseb.) Pierre (1) e Sideroxylon L. (1). S&#xE3;o apresentadas descri&#xE7;&#xF5;es dos t&#xE1;xons, chave de identifica&#xE7;&#xE3;o,
caracteres diagn&#xF3;sticos em campo, coment&#xE1;rios e ilustra&#xE7;&#xF5;es. Duas esp&#xE9;cies s&#xE3;o citadas pela primeira vez
para o Esp&#xED;rito Santo e uma, conhecida at&#xE9; ent&#xE3;o para as Florestas de Tabuleiros, &#xE9; citada para as Restingas.
Frutos de tr&#xEA;s esp&#xE9;cies at&#xE9; ent&#xE3;o desconhecidos s&#xE3;o caracterizados e ilustrados. A fam&#xED;lia est&#xE1; representada
em sete diferentes forma&#xE7;&#xF5;es de Restinga, sendo a Floresta Arenosa Litor&#xE2;nea a que det&#xE9;m maior n&#xFA;mero
de t&#xE1;xons (17) seguida das forma&#xE7;&#xF5;es aberta de Ericaceae (3) e p&#xF3;s-praia (2). As Restingas do litoral Norte
apresentam maior n&#xFA;mero de t&#xE1;xons (15), seguido do litoral Centro-sul (12) e Sul (6).

Palavras-chave: flora do Brasil, Floresta Atl&#xE2;ntica, flor&#xED;stica, Plan&#xED;cie costeira, taxonomia.




Abstract

Sapotaceae is a family of woody plants. In Brazil, it comprises 11 genera and about 230 species, many of which
are commercially exploited for timber and latex. The Coastal plain (Restinga), presents a variety of vegetation
types and, occupies almost the entire length of the coast of Esp&#xED;rito Santo. This study sought to answer the
following questions: 1. Which Sapotaceae species have become established in the coastal plain vegetation
of Espirito Santo state? 2. Which are their preferred environments of occurrence? This study involved the
collection and observation of specimens, as well as examination of collections deposited in herbaria. A total
of 18 taxa belonging to five genera were identified: Pouteria Aubl. (9), Manilkara Adans. (4), Chrysophyllum
L. (3), Micropholis (Griseb.) Pierre (1) and Sideroxylon L. (1). Taxon descriptions, identification key,
character identification in the field, comments and illustrations are presented. Two species are cited for the
first time for Esp&#xED;rito Santo and another one, known so far for tableland forests (Tabuleiro), is cited for the
Restinga vegetation.Fruits of three species, unknown so far, are characterized and illustrated. The family is
represented in seven different formations of Restinga. The coastal sand forest holds the largest number of
taxa (17), followed by the open formations of Ericaceae (3) and post-beach formations (2). The North Coast
have a higher number of taxa (15), followed by the South Central Coast (12) and South Coast (6).

Key words: flora of Brazil, Atlantic rainforest, floristics, Coastal plain vegetation, taxonomy</subfield>
  </datafield>
  <datafield tag="650" ind1=" " ind2=" ">
    <subfield code="a">FLORA</subfield>
  </datafield>
  <datafield tag="650" ind1=" " ind2=" ">
    <subfield code="a">FLORESTA ATL&#xC2;NTICA</subfield>
  </datafield>
  <datafield tag="650" ind1=" " ind2=" ">
    <subfield code="a">COMPOSI&#xC7;&#xC3;O BOT&#xC2;NICA</subfield>
  </datafield>
  <datafield tag="650" ind1=" " ind2=" ">
    <subfield code="a">PLAN&#xCD;CIE</subfield>
  </datafield>
  <datafield tag="650" ind1=" " ind2=" ">
    <subfield code="a">TAXONOMIA </subfield>
  </datafield>
  <datafield tag="773" ind1="0" ind2=" ">
    <subfield code="0">709</subfield>
    <subfield code="9">348215</subfield>
    <subfield code="d">Rio de Janeiro-RJ Jardim Botanico do Rio de Janeiro 1935</subfield>
    <subfield code="o">2025-0704</subfield>
    <subfield code="t">Rodrigu&#xE9;sia (Brazil)</subfield>
    <subfield code="x">0370-6583; 2175-7860 on-line</subfield>
    <subfield code="g">v. 64(2) p. 263-283; (2013)</subfield>
    <subfield code="w">BR2024004082</subfield>
  </datafield>
  <datafield tag="856" ind1=" " ind2=" ">
    <subfield code="u">https://www.scielo.br/j/rod/a/R7D3yR3P9kgCKhyCypcVGvg/?format=pdf&amp;lang=pt</subfield>
  </datafield>
  <datafield tag="942" ind1=" " ind2=" ">
    <subfield code="c">ANA</subfield>
  </datafield>
  <datafield tag="999" ind1=" " ind2=" ">
    <subfield code="c">329858</subfield>
    <subfield code="d">329858</subfield>
  </datafield>
</record>
